Countries by popular video games - Statistics

General Stats
  • This quiz has been taken 14 times
  • The average score is 8 of 21
Answer Stats
Games Answer % Correct
Red Dead Redemption | Halo United States
100%
Helldivers | Minecraft Sweden
91%
Clair Obscure: Expedition 33 | Detroit: Become Human France
82%
The legend of Zelda | Super Mario Japan
82%
Genshin Impact | Azur Lane China
55%
Project Zomboid | Grand Theft Auto United Kingdom
55%
Angry Birds | Cities Skylines Finland
45%
Dead By Daylight | Cup head Canada
36%
Hollow Knight | Untitled Goose Game Australia
27%
This is the police | World of tanks Belarus
27%
Baldur's Gate 3 | Divinity: Original Sin Belgium
27%
Bloons TD | Path of Exile New Zealand
27%
Dying Light | The Witcher Poland
27%
Atomic Heart | Hello Neighbor Russia
27%
PUBG Battlegrounds | Blue Archive South Korea
27%
Mullet Madjack | Unsighted Brazil
18%
Empire of Sin | Ready or not Ireland
18%
Elliot Quest | Kerbal Space program Mexico
18%
Kingdom Come Deliverance | ARMA Czechia
9%
Disco Elysium | Buckshot Roulette Estonia
9%
Terra Nil | Beautiful Desolation South Africa
9%
No matching quizzes found
Score Distribution
Percent of People with Each Score
Percentile by Number Answered
Your Score History
You have not taken this quiz